Guess the Juventus players - Statistics

General Stats
  • This quiz has been taken 50 times
  • The average score is 8 of 9
Answer Stats
Picture Answer % Correct
Moise Kean
95%
Andrea Cambiaso
92%
Federico Gatti
92%
Kenan Yildiz
92%
Weston McKennie
92%
Fabio Miretti
90%
Timothy Weah
90%
Samuel Iling Jr.
79%
Hans Nicolussi Caviglia
72%
No matching quizzes found
Score Distribution
Percent of People with Each Score
Percentile by Number Answered
Your Score History
You have not taken this quiz